• 首页
  • 本馆介绍
  • 公告通知
  • 最新文献
  • 馆藏检索
  • 电子资源
  • 读者导购
  • 参考咨询
  • 我的图书馆
  • 登录
  • 详细信息显示
  • 放入我的书架
  • 预约/预借图书
  • 作者相关作品
  • 分类相关作品
  • 丛书相关作品
  • 出版社相关作品

书目信息

  • 表格格式
  • 工作单格式
  • 卡片格式
题名:
先秦儒道本体论研究
    
 
作者: 王先亮 著
分册:  
出版信息: 成都   巴蜀书社  2021.01
页数: 320页
开本: 21cm
丛书名: 儒道释博士论文丛书
单 册:
中图分类: B222.05 , B223.05
科图分类:
主题词: 儒家--ru jia--本体论--研究 , 道家--dao jia--本体论--研究
电子资源:
ISBN: 978-7-5531-1394-4
000 01379nam 2200313 450
001 CAL 0120217114618
005 20230217093112.0
010    @a978-7-5531-1394-4@dCNY53.00
100    @a20210304d2021 em y0chiy0120 ea
101 0  @achi
102    @aCN@b510000
105    @ay a 000yy
106    @ar
200 1  @a先秦儒道本体论研究@Axian qin ru dao ben ti lun yan jiu@f王先亮著
210    @a成都@c巴蜀书社@d2021.01
215    @a320页@d21cm
225 2  @a儒道释博士论文丛书@Aru dao shi bo shi lun wen cong shu@h第二十一批@e2019年
300    @a国家“九八五”工程四川大学宗教、哲学与社会研究创新基地项目·教育部人文社科重点研究 基地四川大学道教与宗教文化研究所项目
314    @a王先亮, 哲学博士。
320    @a有书目 (第312-318页)
330    @a本书对先秦儒道本体论做了评价, 认为先秦儒道本体论从根本上反映出儒道哲学对社会现实的积极回应与精神担当。一方面, 对先秦儒道本体论思想的揭示有助于实现对儒道哲学内涵的整体把握, 为从根本上彰显儒道哲学的内在特质提供重要契机。另一方面, 儒道本体论为改善人类所面临的生存境遇、化解威胁人类生存的精神危机提供重要的启示。
410  0 @12001 @a儒道释博士论文丛书 (2019年)@h第二十一批
606 0  @a儒家@Aru jia@x本体论@x研究
606 0  @a道家@Adao jia@x本体论@x研究
690    @aB222.05@v5
690    @aB223.05@v5
701  0 @a王先亮@Awang xian liang@4著
801  0 @aCN@bBJXHZP@c20230228
905    @b1402055-8@dB222.05@e1058@f4
    
    先秦儒道本体论研究/王先亮著.-成都:巴蜀书社,2021.01
    320页;21cm.-(儒道释博士论文丛书.第二十一批:2019年)
    国家“九八五”工程四川大学宗教、哲学与社会研究创新基地项目·教育部人文社科重点研究 基地四川大学道教与宗教文化研究所项目
    
    ISBN 978-7-5531-1394-4:CNY53.00
    本书对先秦儒道本体论做了评价, 认为先秦儒道本体论从根本上反映出儒道哲学对社会现实的积极回应与精神担当。一方面, 对先秦儒道本体论思想的揭示有助于实现对儒道哲学内涵的整体把握, 为从根本上彰显儒道哲学的内在特质提供重要契机。另一方面, 儒道本体论为改善人类所面临的生存境遇、化解威胁人类生存的精神危机提供重要的启示。
●
相关链接 在E读中查询图书 在五车中查询图书 在当当中查询图书 在豆瓣中查询图书


正题名:先秦儒道本体论研究     索取号:B222.05/1058         预约/预借

序号 登录号 条形码 馆藏地/架位号 状态 备注
1 1402055   214020557   第一样本阅览室/ [索取号:B222.05/1058] 在馆    
2 1402056   214020566   第一借阅区/ [索取号:B222.05/1058] 在馆    
3 1402057   214020575   第一借阅区/ [索取号:B222.05/1058] 在馆    
4 1402058   214020584   第一借阅区/ [索取号:B222.05/1058] 在馆    
唐山师范学院图书馆 欢迎您!
大连网信软件有限公司© 版权所有